书目信息 |
| 题名: |
计算机组装与维护
|
|
| 作者: | 李大奎 主编 | |
| 分册: | ||
| 出版信息: | 大连 大连理工大学出版社 2019 |
|
| 页数: | 288页 | |
| 开本: | 26cm | |
| 丛书名: | 新世纪普通高等教育计算机类课程规划教材 | |
| 单 册: | ||
| 中图分类: | TP305 , TP306.3 | |
| 科图分类: | ||
| 主题词: | 电子计算机--dian zi ji suan ji--组装--高等教育--教材 , 计算机维护--ji suan ji wei hu--高等教育--教材 | |
| 电子资源: | ||
| ISBN: | 978-7-5685-0954-1 | |
| 000 | 01249nam 2200313 45 | |
| 001 | 012001003228 | |
| 005 | 20191204111937.21 | |
| 010 | @a978-7-5685-0954-1@dCNY45.00 | |
| 099 | @aCAL 012018110506 | |
| 100 | @a20180912d2017 em y0chiy50 ea | |
| 101 | 0 | @achi |
| 102 | @aCN@b210000 | |
| 105 | @aak a 000yy | |
| 106 | @ar | |
| 200 | 1 | @a计算机组装与维护@Aji suan ji zu zhuang yu wei hu@f主编李大奎 |
| 205 | @a第2版 | |
| 210 | @a大连@c大连理工大学出版社@d2019 | |
| 215 | @a288页@c图@d26cm | |
| 225 | 2 | @a新世纪普通高等教育计算机类课程规划教材@Axin shi ji pu tong gao deng jiao yu ji suan ji lei ke cheng gui hua jiao cai |
| 320 | @a有书目 | |
| 330 | @a本书介绍了计算机的工作原理、计算机系统的硬件和软件组成以及使用计算机系统的基本方法和技能。内容包括: 计算机系统基础知识、微型计算机硬件系统的组成、组装微型计算机、笔记本计算机的拆装及维护、BIOS设置、常见硬件故障与日常维护等。 | |
| 410 | 0 | @12001 @a新世纪普通高等教育计算机类课程规划教材 |
| 606 | 0 | @a电子计算机@Adian zi ji suan ji@x组装@x高等教育@j教材 |
| 606 | 0 | @a计算机维护@Aji suan ji wei hu@x高等教育@j教材 |
| 690 | @aTP305@v5 | |
| 690 | @aTP306.3@v5 | |
| 701 | 0 | @a李大奎@Ali da kui@4主编 |
| 801 | 0 | @aCN@b北京卓展@c20191020 |
| 905 | @b1210856-9@dTP305@e1013=2@f4 | |
| 计算机组装与维护/主编李大奎.-第2版.-大连:大连理工大学出版社,2019 |
| 288页:图;26cm.-(新世纪普通高等教育计算机类课程规划教材) |
| ISBN 978-7-5685-0954-1:CNY45.00 |
| 本书介绍了计算机的工作原理、计算机系统的硬件和软件组成以及使用计算机系统的基本方法和技能。内容包括: 计算机系统基础知识、微型计算机硬件系统的组成、组装微型计算机、笔记本计算机的拆装及维护、BIOS设置、常见硬件故障与日常维护等。 |
| ● |
| 相关链接 |
|
|
|
|
正题名:计算机组装与维护
索取号:TP305/1013=2
 
预约/预借
| 序号 | 登录号 | 条形码 | 馆藏地/架位号 | 状态 | 备注 |
| 1 | 1210856 | 212108565 | 第二样本阅览室/ [索取号:TP305/1013=2] | 在馆 | |
| 2 | 1210857 | 212108574 | 第三借阅区/ [索取号:TP305/1013=2] | 在馆 | |
| 3 | 1210858 | 212108583 | 第三借阅区/ [索取号:TP305/1013=2] | 在馆 | |
| 4 | 1210859 | 212108592 | 第三借阅区/ [索取号:TP305/1013=2] | 在馆 |